| 000 | 00633nam a2200241Ia 4500 | ||
|---|---|---|---|
| 003 | OSt | ||
| 005 | 20220918111917.0 | ||
| 006 | a|||||r|||| 00| 0 | ||
| 007 | ta | ||
| 008 | 220915b |||||||| |||| 00| 0 eng d | ||
| 024 | _a65763 | ||
| 037 | _cTextbook | ||
| 040 |
_beng _aARTS _cARTS |
||
| 041 | _aeng | ||
| 082 | _aQ6.65, J6 (906) | ||
| 100 |
_aTrimingham J Spencer _911122 |
||
| 245 | 0 | _aChristian Church and Islam in West Africa | |
| 260 | _c1956 | ||
| 490 | _aI M C Research paphlets; 3 | ||
| 650 | _aRELIGION | ||
| 942 |
_hQ6.65, J6 (906) _cTB _2CC |
||
| 999 |
_c117158 _d117158 |
||